00516nam a22001697a 450000500170000001000150001702000260003203500140005803700130007208200110008510000270009624500690012326000340019227000680022630000330029450000190032720170717163306.0 aENG-119227 a9788120353121c395.00 aEN-102759 bDBAD/PUB a658.21 aDubey, Sanjiva Shankar aTechnology and innovation management /cby Sanjiva Shankar Dubey aNew DelhibPHI Learningc2017 aRimjhim House, 111, Patparganj Industrial EstatebDelhie110091 axviii,243p.c24cm(pbk)bill. aIncludes index